Overlapping Foods Quiz Stats

 Plays Quiz Updated Sep 21, 2019

Score 0/40 Timer 06:00
2 Plays Today
Food 1 Overlapping Word % Correct
General Tso'sChicken
92.9%
RoastBeef
92%
Cadbury, Deviled, PoachedEggs
91.3%
Macaroni and, Shells andCheese
91%
Pulled, RoastPork
90.5%
Birthday, Seven-LayerCake
90.4%
Key Lime, Pizza, PumpkinPie
90.2%
Glazed, Green Eggs andHam
89.8%
Leg of, Rack ofLamb
88.9%
Chocolate Chip, FortuneCookies
88.3%
Grape, Peanut Butter andJelly
87.5%
PekingDuck
87.2%
Banana, Garlic, SourdoughBread
86.5%
Candy, Fried ConfettiCorn
85.8%
Baked, Lima, RefriedBeans
85.7%
Chicken Fried, Philly CheeseSteak
83.4%
Eggs andBacon
82.5%
Crushed, Italian, ShavedIce
81.6%
Shrimp FriedRice
81.3%
Baked, HasselbackPotato
80.6%
Food 1 Overlapping Word % Correct
Five-Alarm, Spicy TurkeyChili
79.8%
PadThai
78%
Ham with, GrilledPineapple
78%
ClamBake(d)
78%
Ahi, BluefinTuna
77.1%
BananaSplit
76.2%
Belgian, Fried Chicken andWaffles
75.6%
Chocolate-CoveredStrawberry
75.5%
CandyApple
75%
Cajun, TeriyakiShrimp
72.8%
Buttermilk, Cheddar BayBiscuits
71%
Pig, PotRoast
67.2%
Carolina, Kansas CityBBQ
61.7%
Chocolate-CoveredBananas
60.8%
FriedClams
59.7%
Chicken à laKing
59.1%
Buttered, CaramelPopcorn
54.1%
Egg White, SouthwesternOmelette
52%
Beef, Chicken, Fish, LambTacos
41%
Beef, Chicken, Fish, PorkEnchiladas
23.2%

You're not logged in!

Compare scores with friends on all Sporcle quizzes.
OR
Log In

Sporcle TV

Today on Sporcle TV


Watch our educational content, quiz creation guides, and fun videos on Sporcle TV.

Show Comments

Extras

Top Quizzes Today


Score Distribution

Your Account Isn't Verified!

In order to create a playlist on Sporcle, you need to verify the email address you used during registration. Go to your Sporcle Settings to finish the process.

Report this User

Report this user for behavior that violates our Community Guidelines.

Details: